Normal view
MARC view
- Shaikh, Aleema Moin
Entry Personal Name
001 - CONTROL NUMBER
- control field: 122564
003 - CONTROL NUMBER IDENTIFIER
- control field: NUST
005 - DATE AND TIME OF LATEST TRANSACTION
- control field: 20240509155808.0
008 - FIXED-LENGTH DATA ELEMENTS
- fixed length control field: 240509|| aca||aabn | a|a d
040 ## - CATALOGING SOURCE
- Original cataloging agency: NUST
- Transcribing agency: NUST
100 ## - HEADING--PERSONAL NAME
- Personal name: Shaikh, Aleema Moin
670 ## - SOURCE DATA FOUND
- Source citation: Work cat.: (NUST): Shaikh, Aleema Moin , Facial Micro-Expression Detection under Variable Road Condition for Evaluation of Driver’s Performance /
